[Event "Petroupoli op 5th"]
[Site "Petroupoli"]
[Date "2012.09.15"]
[Round "3"]
[White "Kostouros, Alexandros"]
[Black "Koursaris, Nikolaos"]
[Result "1-0"]
[WhiteElo "2102"]
[BlackElo "1813"]
[PlyCount "43"]
[EventDate "2012.09.08"]
[EventType "swiss"]
[EventRounds "7"]
[EventCountry "GRE"]
[SourceTitle "CBM 150 Extra"]
[Source "ChessBase"]
[SourceDate "2012.10.19"]
[SourceVersion "1"]
[SourceVersionDate "2012.10.19"]
[SourceQuality "1"]

1. e4 c5 2. c3 d6 3. d4 Nf6 4. Bd3 Nc6 5. d5 Ne5 6. Bc2 e6 7. f4 Ng6 8. c4 exd5 9. cxd5 Be7 10. Nc3 0-0 11. Nf3 a6 12. a4 Nh5 13. f5 Nh8 14. g4 Nf6 15. g5 Ne8 16. h4 f6 17. g6 h6 18. 0-0 Bd7 19. Bf4 Nc7 20. Qd2 Qc8 21. Rfe1 Re8 22. h5 1-0

[Event "Petroupoli op 5th"]
[Site "Petroupoli"]
[Date "2012.09.12"]
[Round "2"]
[White "Vlassopoulos, Nikos"]
[Black "Koursaris, Nikolaos"]
[Result "0-1"]
[WhiteElo "1412"]
[BlackElo "1813"]
[PlyCount "42"]
[EventDate "2012.09.08"]
[EventType "swiss"]
[EventRounds "7"]
[EventCountry "GRE"]
[SourceTitle "CBM 150 Extra"]
[Source "ChessBase"]
[SourceDate "2012.10.19"]
[SourceVersion "1"]
[SourceVersionDate "2012.10.19"]
[SourceQuality "1"]

1. e4 c5 2. Nf3 d6 3. d4 cxd4 4. Nxd4 Nf6 5. Nc3 a6 6. Bg5 e6 7. f4 Be7 8. Bd3 Nbd7 9. h3 Qc7 10. Qd2 b5 11. Nce2 Bb7 12. Ng3 Nc5 13. Qc3 Rc8 14. 0-0 Qb6 15. Qe1 Nxd3 16. cxd3 Qxd4+ 17. Kh2 0-0 18. Qe2 Rc7 19. Nh5 Nxh5 20. Bxe7 Rxe7 21. Qxh5 Qxd3 0-1

[Event "Nikaia op 17th"]
[Site "Nikaia"]
[Date "2009.08.23"]
[Round "2"]
[White "Georgiev, Vladimir"]
[Black "Koursaris, Nikolaos"]
[Result "1-0"]
[WhiteElo "2530"]
[BlackElo "1884"]
[PlyCount "61"]
[EventDate "2009.08.22"]
[EventType "swiss"]
[EventRounds "9"]
[EventCountry "GRE"]
[SourceTitle "CBM 132 Extra"]
[Source "ChessBase"]
[SourceDate "2009.11.03"]
[SourceVersion "1"]
[SourceVersionDate "2009.11.03"]
[SourceQuality "1"]

1. d4 d5 2. c4 e6 3. Nc3 Nf6 4. cxd5 exd5 5. Bg5 Be7 6. e3 c6 7. Bd3 Ne4 8. Bxe7 Qxe7 9. Qc2 f5 10. Nxd5 Qd8 11. Bxe4 cxd5 12. Bxd5 Na6 13. Bb3 Bd7 14. Nf3 Rc8 15. Qd2 Bb5 16. Ne5 Rf8 17. a4 Bc6 18. 0-0 Nc5 19. Qd1 Nxb3 20. Qxb3 Qd5 21. Qxd5 Bxd5 22. Rfc1 Ke7 23. f3 Kd6 24. Kf2 Bb3 25. a5 Be6 26. Nd3 Rxc1 27. Rxc1 Rc8 28. Rxc8 Bxc8 29. e4 Kc6 30. d5+ Kd6 31. Ke3 1-0

[Event "Athens Attikis op"]
[Site "Athens"]
[Date "2006.06.05"]
[Round "6"]
[White "Makka, Evanthia"]
[Black "Koursaris, Nikolaos"]
[Result "1-0"]
[WhiteElo "2046"]
[BlackElo "1797"]
[PlyCount "143"]
[EventDate "2006.06.01"]
[EventType "swiss"]
[EventRounds "9"]
[EventCountry "GRE"]
[SourceTitle "EXT 2024"]
[Source "ChessBase"]
[SourceDate "2023.10.10"]
[SourceVersion "1"]
[SourceVersionDate "2023.10.10"]
[SourceQuality "1"]

1. e4 e5 2. Nc3 Nf6 3. g3 Bc5 4. Bg2 a6 5. d3 h6 6. Nge2 Nc6 7. 0-0 d6 8. h3 0-0 9. Kh2 Nh7 10. f4 f5 11. fxe5 dxe5 12. exf5 Bxf5 13. Ne4 Be7 14. N2c3 Nd4 15. Be3 c6 16. Qd2 Qe8 17. Rf2 Be6 18. Ne2 Rd8 19. Ng1 Rxf2 20. Qxf2 Nf6 21. Nxf6+ Bxf6 22. Nf3 Qd7 23. Nxd4 exd4 24. Bxh6 Rf8 25. Bd2 Be5 26. Qe1 Qd6 27. b3 Bd5 28. Bxd5+ Qxd5 29. Qe2 Qc5 30. Be1 Re8 31. Qg2 Bc7 32. Kh1 Re6 33. Rd1 Qe7 34. Bf2 Re2 35. Qf3 Rxc2 36. Re1 Qf7 37. Qxf7+ Kxf7 38. Bxd4 Bxg3 39. Re3 Bh4 40. Rf3+ Bf6 41. a4 Rc1+ 42. Kg2 Rb1 43. Bxf6 gxf6 44. d4 Rd1 45. Kg3 Rxd4 46. Re3 Kg6 47. Rc3 f5 48. Kf3 Kg5 49. Kg3 f4+ 50. Kf3 Kh4 51. Kf2 b5 52. a5 Rd2+ 53. Kf3 Kxh3 54. Kxf4+ Kg2 55. Rxc6 Rd3 56. Rxa6 Rxb3 57. Rb6 b4 58. Ke4 Ra3 59. a6 b3 60. Kd3 Kf3 61. Rf6+ Kg4 62. Kc3 Kg5 63. Rc6 Kf5 64. Kb2 Ra5 65. Kxb3 Ke5 66. Rh6 Ra1 67. Kc4 Rb1 68. Kc5 Rc1+ 69. Kb6 Rb1+ 70. Kc7 Ra1 71. Kb7 Kd5 72. a7 1-0

[Event "Foivitika op"]
[Site "Foivitika"]
[Date "2005.??.??"]
[Round "3"]
[White "Koursaris, Nikolaos"]
[Black "Vlahos, Athanasios"]
[Result "0-1"]
[WhiteElo "1820"]
[BlackElo "2015"]
[PlyCount "98"]
[EventDate "2005.??.??"]
[EventType "swiss"]
[EventRounds "7"]
[EventCountry "GRE"]
[SourceTitle "EXT 2007"]
[Source "ChessBase"]
[SourceDate "2006.11.23"]
[SourceVersion "1"]
[SourceVersionDate "2006.11.23"]
[SourceQuality "1"]

1. e4 Nf6 2. e5 Nd5 3. Nf3 d6 4. d4 g6 5. Bc4 c6 6. Ng5 dxe5 7. dxe5 h6 8. Nf3 Bg7 9. 0-0 0-0 10. Bb3 Bg4 11. c4 Nb4 12. h3 Qxd1 13. Rxd1 Bxf3 14. gxf3 N8a6 15. a3 Nc5 16. Nd2 Nbd3 17. Bc2 Nxc1 18. Raxc1 Bxe5 19. b4 Ne6 20. Ne4 Nd4 21. Kf1 Bf4 22. Nd2 Rad8 23. Bb1 Bxd2 24. Rxd2 Nxf3 25. Rb2 Nd2+ 26. Ke2 Nxb1 27. Rcxb1 Rd4 28. c5 a6 29. a4 Rfd8 30. b5 axb5 31. axb5 R8d5 32. bxc6 bxc6 33. Ke3 Rc4 34. Rb8+ Kg7 35. Rc8 Rdxc5 36. Rb7 e6 37. Rcc7 Rf5 38. Rb6 Rc3+ 39. Kd2 Rxh3 40. Rbxc6 Rxf2+ 41. Ke1 Rf6 42. Ra6 Rh2 43. Ra8 h5 44. Re7 g5 45. Ree8 Kg6 46. Rg8+ Kf5 47. Ra5+ e5 48. Ra3 g4 49. Rg7 Rb6 0-1

[Event "Heraklio op 9th"]
[Site "Heraklion"]
[Date "2005.??.??"]
[Round "4"]
[White "Zournatsidis, Evgenios"]
[Black "Koursaris, Nikolaos"]
[Result "1-0"]
[WhiteElo "2105"]
[BlackElo "1820"]
[PlyCount "55"]
[EventDate "2005.06.??"]
[EventType "swiss"]
[EventRounds "9"]
[EventCountry "GRE"]
[SourceTitle "EXT 2007"]
[Source "ChessBase"]
[SourceDate "2006.11.23"]
[SourceVersion "1"]
[SourceVersionDate "2006.11.23"]
[SourceQuality "1"]

1. e4 e5 2. d4 exd4 3. Qxd4 Nc6 4. Qe3 Bb4+ 5. Nc3 Nf6 6. Bd2 0-0 7. 0-0-0 d6 8. Qg3 Re8 9. h3 Rxe4 10. a3 Bxc3 11. Bxc3 Re8 12. Bd3 Kh8 13. f4 Be6 14. Nf3 Nh5 15. Qh2 h6 16. g4 Nf6 17. g5 Nd5 18. Bd2 Nce7 19. Nd4 Qd7 20. c4 Nb6 21. gxh6 g6 22. Bc3 Kh7 23. Nf3 Nf5 24. Ng5+ Kxh6 25. Bxf5 Bxf5 26. Qg3 Kh5 27. Rdg1 Qe7 28. Qg4+ 1-0